All United States, States, Territories, Etc. - Statistics

General Stats
  • This quiz has been taken 42 times
    5 since last reset
  • The average score is 61 of 67
Answer Stats
Answer % Correct
Alabama
100%
Alaska
100%
American Samoa / Amerika Sāmoa
100%
Arizona
100%
Arkansas
100%
California
100%
Colorado
100%
Connecticut
100%
Delaware
100%
Florida
100%
Georgia
100%
Guam / Guåhan
100%
Hawaii / Hawaiʻi
100%
Idaho
100%
Illinois
100%
Indiana
100%
Iowa
100%
Kansas
100%
Kentucky
100%
Louisiana
100%
Maine
100%
Maryland
100%
Massachusetts
100%
Michigan
100%
Minnesota
100%
Mississippi
100%
Missouri
100%
Montana
100%
Nebraska
100%
Nevada
100%
New Hampshire
100%
New Jersey
100%
New Mexico
100%
New York
100%
North Carolina
100%
North Dakota
100%
Ohio
100%
Oklahoma
100%
Oregon
100%
Pennsylvania
100%
Puerto Rico
100%
Rhode Island
100%
South Carolina
100%
South Dakota
100%
Tennessee
100%
Texas
100%
Utah
100%
Vermont
100%
Virginia
100%
Washington
100%
Washington, D.C. / District of Columbia
100%
West Virginia
100%
Wisconsin
100%
Wyoming
100%
Jarvis Island
75%
Johnston Atoll
75%
Midway Atoll
75%
Navassa Island
75%
Northern Mariana Islands / Na Islas Mariånas / Falúw kka Efáng llól Marianas
75%
United States Virgin Islands
75%
Wake Island
75%
Baker Island
50%
Palmyra Atoll
50%
Bajo Nuevo Bank / Petrel Islands / Bajo Nuevo / Islas Petrel
25%
Howland Island
25%
Kingman Reef
25%
Serranilla Bank / Isla Serranilla /Banco Serranilla / Placer de la Serranilla
25%
No matching quizzes found
Score Distribution
Percent of People with Each Score
Percentile by Number Answered
Your Score History
You have not taken this quiz since the last reset